Statistiques concernant Logos aléatoires #2 - Marques de voitures

Cliquez ici pour prendre le quiz!

Statistiques générales

  • Ce quiz a été pris 6 182 fois
  • Le résultat moyen est 12 sur 16

Statistiques - réponses

Réponse% Correct
Audi
98%
BMW
98%
Ford
98%
Mercedes
98%
Tesla
98%
Ferrari
97%
Honda
97%
Citroën
96%
Jaguar
96%
Porsche
96%
Toyota
96%
Chevrolet
95%
Opel
95%
Peugeot
95%
Renault
95%
Suzuki
95%
Mini
94%
Skoda
94%
Fiat
93%
Dacia
92%
Lamborghini
92%
Nissan
92%
Bentley
91%
Seat
91%
Lexus
90%
Aston MArtin
88%
DS
88%
Hyundai
88%
Volkswagen
88%
Volvo
88%
Alfa Romeo
87%
Bugatti
86%
Mazda
86%
Mitsubishi
84%
Subaru
81%
Cadillac
80%
Maserati
80%
Rolls Royce
80%
Mustang
74%
Corvette
69%
Dodge
68%
Yamaha
67%
Kia
60%
Infiniti
55%
Abarth
53%
Acura
34%
Lincoln
24%
Chrysler
23%
Buick
18%
Tata
17%
Lotus
9%
Scion
8%

Distribution des résultats

Percentile par nombre de réponses

% des personnes avec chaque résultat

Votre développement - résultats

Vous n’avez pas pris ce quiz